[Event "Titled Tue 27th May Late"]
[Site "chess.com INT"]
[Date "2025.05.27"]
[Round "1"]
[White "Ermolaev, Evgeny"]
[Black "Haug, Havard"]
[Result "0-1"]
[WhiteTitle "FM"]
[BlackTitle "FM"]
[WhiteElo "2282"]
[BlackElo "2354"]
[WhiteFideId "24103195"]
[BlackFideId "1547887"]
[EventDate "2025.05.27"]

1. d4 Nf6 2. c4 e6 3. Nf3 a6 4. g3 b5 5. Nbd2 Bb7 6. Bg2 bxc4 7. Nxc4 Bb4+ 8.
Bd2 Bxd2+ 9. Qxd2 O-O 10. O-O Qe7 11. Rac1 Be4 12. Qa5 d6 13. Ncd2 Ra7 14. Nxe4
Nxe4 15. Rc2 c5 16. dxc5 Nxc5 17. Rd1 g6 18. Qb6 Rd7 19. Rcd2 Ne4 20. Rd4 d5 21.
R4d3 Rb7 22. Qd4 Qb4 23. Qxb4 Rxb4 24. b3 a5 25. Nd2 Nxd2 26. R3xd2 a4 27. Rd4
Rxd4 28. Rxd4 axb3 29. axb3 Nc6 30. Rd3 Rb8 31. e3 Ra8 32. h4 Ra1+ 33. Kh2 Ra2
34. Kg1 Ne5 35. Rc3 Ra1+ 36. Kh2 Ng4+ 37. Kh3 Nxf2+ 38. Kh2 Ng4+ 39. Kh3 Nf2+
40. Kh2 h5 41. Rc2 Ng4+ 42. Kh3 Nxe3 43. Rb2 Nxg2 44. Kxg2 Ra5 45. b4 Rb5 46.
Kf3 e5 47. Rd2 f5 48. Rb2 Kf7 49. Ke3 Ke6 50. Kd3 Kd6 51. Kc3 Rb7 52. Ra2 d4+
53. Kc4 Rc7+ 54. Kb5 Kd5 55. Ra8 Rb7+ 56. Ka5 Rd7 57. b5 d3 58. Kb4 d2 59. Ra1
Ke4 60. Rd1 Ke3 61. Kc5 Ke2 62. Kc6 Kxd1 63. Kxd7 Ke2 64. b6 d1=Q+ 0-1

[Event "Titled Tue 27th May Late"]
[Site "chess.com INT"]
[Date "2025.05.27"]
[Round "1"]
[White "Bagchi, Sounak"]
[Black "Vlassov, Nikolai"]
[Result "0-1"]
[BlackTitle "IM"]
[WhiteElo "2030"]
[BlackElo "2291"]
[WhiteFideId "30970059"]
[BlackFideId "4103360"]
[EventDate "2025.05.27"]

1. e4 Nc6 2. Nf3 d5 3. exd5 Qxd5 4. Nc3 Qa5 5. Bc4 Bg4 6. d3 O-O-O 7. Bd2 Qh5 8.
Ne4 Bxf3 9. Qxf3 Qxf3 10. gxf3 Nd4 11. O-O-O e6 12. Ng5 Rd7 13. c3 h6 14. Nxf7
Rxf7 15. cxd4 Rxf3 16. Bxe6+ Kb8 17. Be3 Nf6 18. Rhg1 g5 19. d5 Bg7 20. Rg3 Rxg3
21. hxg3 Rd8 22. Bd4 Ne8 23. Bxg7 Nxg7 24. Rh1 Rh8 25. Kd2 c6 26. dxc6 Nxe6 27.
cxb7 Kxb7 28. Re1 Re8 29. Rh1 Rh8 30. Re1 Nd4 31. Re4 Nc6 32. d4 h5 33. d5 Nd8
34. Re7+ Kb6 35. Ke3 h4 36. gxh4 gxh4 37. Kf3 h3 38. Re1 Kc5 39. Rh1 Kxd5 40.
Kg4 h2 41. Kg3 Nc6 42. Rxh2 Rxh2 43. Kxh2 Nb4 44. a3 Nd3 45. Kg3 Nxb2 46. f4 Nc4
47. a4 a5 48. Kg4 Ke6 49. Kg5 Kf7 50. Kf5 Nb6 51. Ke5 Nxa4 52. Kd4 Nb6 53. Kc5
a4 54. f5 Kf6 55. Kb4 Kxf5 0-1

[Event "Titled Tue 27th May Late"]
[Site "chess.com INT"]
[Date "2025.05.27"]
[Round "1"]
[White "Popovic, Dobrivoj"]
[Black "Musial, Igor"]
[Result "0-1"]
[WhiteTitle "CM"]
[BlackTitle "FM"]
[WhiteElo "1945"]
[BlackElo "2304"]
[WhiteFideId "907103"]
[BlackFideId "21858110"]
[EventDate "2025.05.27"]

1. e4 c5 2. c3 Nf6 3. e5 Nd5 4. Nf3 d6 5. Bb5+ Nc6 6. d4 cxd4 7. O-O Bd7 8. cxd4
e6 9. Qb3 dxe5 10. dxe5 Be7 11. Rd1 O-O 12. Nc3 Nxc3 13. bxc3 Qc7 14. Bf4 Rfd8
15. Rd2 Be8 16. Rad1 a6 17. Bd3 h6 18. Bb1 Bf8 19. Qc2 g6 20. Qe4 Rxd2 21. Rxd2
Rd8 22. h4 Rxd2 23. Nxd2 h5 24. Nf3 Ne7 25. Bd2 Bc6 26. Qf4 Bg7 27. Ng5 Nd5 28.
Qf3 Bxe5 29. Be4 Nf6 30. Bxc6 Qxc6 31. Qe2 Qd5 32. c4 Qd6 33. Nf3 Bf4 34. Bc3
Ng4 35. Bd4 Nh2 36. Nxh2 Bxh2+ 37. Kh1 Qxd4 38. Kxh2 Qxh4+ 39. Kg1 Qd4 40. Qf3
Qa1+ 41. Kh2 Qxa2 42. Qxb7 Qxc4 43. Qb8+ Kh7 44. Qf8 Qf4+ 45. g3 Qxf2+ 46. Kh3
a5 47. Qa3 Qf5+ 48. Kh2 Qe5 49. Qe7 Kg7 50. Qe8 Qd4 51. Qb5 a4 52. Qb1 a3 53.
Kh3 Qb2 54. Qe4 a2 0-1

[Event "Titled Tue 27th May Late"]
[Site "chess.com INT"]
[Date "2025.05.27"]
[Round "1"]
[White "Patel, Maahir M"]
[Black "Gustafsson, Jan"]
[Result "1-0"]
[BlackTitle "GM"]
[WhiteElo "2026"]
[BlackElo "2591"]
[WhiteFideId "30995612"]
[BlackFideId "4625498"]
[EventDate "2025.05.27"]

1. a4 e5 2. e4 Nf6 3. Nc3 Bb4 4. Nd5 Nxd5 5. exd5 O-O 6. c3 Bd6 7. Bd3 c6 8.
dxc6 dxc6 9. Ne2 Nd7 10. O-O Nc5 11. Bc2 e4 12. Ng3 f5 13. b4 Nd3 14. Bxd3 exd3
15. Qf3 Qh4 16. Qxd3 Rd8 17. Qf3 f4 18. Ne4 Bg4 19. Qd3 Bc7 20. Qc4+ Kh8 21. f3
Bf5 22. Qe2 Bxe4 23. Qxe4 Re8 24. Qf5 Re2 25. Qg4 Qe7 26. d4 Rf8 27. Ba3 Rf6 28.
b5 Qe8 29. bxc6 Rg6 30. Qh3 bxc6 31. Bc5 a5 32. Kh1 h6 33. Rab1 Rg5 34. Rb7 Rh5
35. Qg4 Rg5 36. Qh3 Rexg2 37. Qxg2 Rxg2 38. Kxg2 Qg6+ 39. Kh1 Qd3 40. Kg1 Qe3+
41. Kg2 Bd8 42. Rb8 Qe8 43. Bb6 Qg6+ 44. Kh1 Qd3 45. Rxd8+ Kh7 46. Kg2 Qxc3 47.
Bc5 Qc2+ 48. Rf2 Qxa4 49. Rd6 Qb5 50. Re6 a4 51. Re7 Qb3 52. Ra7 Kg8 53. Ra8+
Kf7 54. Ra7+ Kf6 55. Bd6 g5 56. Be5+ Kg6 57. Kh3 Kh5 58. Kg2 a3 59. Bd6 Qd5 60.
Bc5 g4 61. Rxa3 Kh4 62. Be7+ Kh5 63. Bc5 Kh4 64. Rc3 Kh5 65. Rcc2 gxf3+ 66. Rxf3
Kg4 67. Rf2 h5 68. h3+ Kf5 69. Kh2 Qe4 70. Rxf4+ Qxf4+ 71. Rxf4+ Kxf4 72. Kg2
Ke4 73. Kg3 1-0

[Event "Titled Tue 27th May Late"]
[Site "chess.com INT"]
[Date "2025.05.27"]
[Round "1"]
[White "Martinez Alcantara, Jose Eduardo"]
[Black "Rueda Rojas, Richard Alejandro"]
[Result "1-0"]
[WhiteTitle "GM"]
[BlackTitle "FM"]
[WhiteElo "2611"]
[BlackElo "2090"]
[WhiteFideId "3805662"]
[BlackFideId "4491505"]
[EventDate "2025.05.27"]

1. c4 Nf6 2. g3 c6 3. Nf3 d5 4. Bg2 g6 5. b3 Bg7 6. Bb2 O-O 7. O-O Re8 8. d3
Nbd7 9. Nc3 e5 10. cxd5 cxd5 11. Rc1 a6 12. b4 Qe7 13. Qb3 Nb6 14. e3 Be6 15.
Qd1 Qxb4 16. Rb1 Qd6 17. Nxe5 Qxe5 18. Na4 Qc7 19. Nxb6 Rad8 20. Bd4 h5 21. Qc1
Qd6 22. Qb2 Bf5 23. Rfd1 h4 24. Qb4 hxg3 25. hxg3 Be6 26. Qxd6 Rxd6 27. a4 Nd7
28. Bxg7 Kxg7 29. Nxd7 Rxd7 30. Rdc1 Ree7 31. Rb6 Rc7 32. Rcb1 Rc3 33. Bf1 Ra3
34. R6b4 Rc7 35. Kg2 Rc2 36. R1b2 Rxb2 37. Rxb2 Rxa4 38. Rxb7 Ra1 39. Ra7 a5 40.
d4 Bf5 41. Be2 Be4+ 42. Bf3 a4 43. g4 Kf6 44. Ra5 Bxf3+ 45. Kxf3 Ke6 46. g5 a3
47. Kf4 a2 48. Ra6+ Ke7 49. Ke5 Kd7 50. Kxd5 Rg1 51. Ra7+ Kc8 52. Rxa2 Rxg5+ 53.
Kc6 Kd8 54. d5 Ke7 55. Ra7+ Kf6 56. d6 Rg1 57. Kd7 Rd1 58. Ra4 Ke5 59. Rd4 Ra1
60. Ke7 Ra7+ 61. d7 1-0

[Event "Titled Tue 27th May Late"]
[Site "chess.com INT"]
[Date "2025.05.27"]
[Round "1"]
[White "Martinez Fernandez, Adrian"]
[Black "Reinecke, Katharina"]
[Result "1-0"]
[WhiteTitle "IM"]
[BlackTitle "WCM"]
[WhiteElo "2404"]
[BlackElo "1921"]
[WhiteFideId "32049048"]
[BlackFideId "12929727"]
[EventDate "2025.05.27"]

1. e4 c6 2. Nc3 d5 3. Nf3 Bg4 4. h3 Bxf3 5. Qxf3 e6 6. d3 Nf6 7. Bd2 Be7 8. e5
Nfd7 9. Qg3 g6 10. Bh6 Bf8 11. Bg5 Qc7 12. d4 c5 13. Nb5 Qa5+ 14. Qc3 Qxc3+ 15.
bxc3 Na6 16. Rb1 h6 17. Bd2 Rb8 18. Be2 Be7 19. O-O c4 20. Bc1 Kd8 21. Ba3 Bxa3
22. Nxa3 Nc7 23. f4 a6 24. g4 h5 25. f5 hxg4 26. hxg4 gxf5 27. gxf5 Ke7 28. f6+
Kd8 29. Kg2 b5 30. Rh1 Rg8+ 31. Kf2 Nb6 32. Rbg1 Kd7 33. Rh7 Rgf8 34. Rgg7 Ke8
35. Bh5 b4 36. Nb1 bxc3 37. Nxc3 Nb5 38. Nxb5 axb5 39. Bxf7+ Kd8 40. Bxe6 b4 41.
Rb7 Rxb7 42. Rxb7 Nc8 43. Rb8 Kc7 44. Rxc8+ Rxc8 45. Bxc8 Kxc8 46. f7 b3 47.
axb3 cxb3 48. f8=Q+ Kd7 49. Qd6+ Kc8 50. e6 bxc2 51. Qd7+ Kb8 52. e7 c1=Q 53.
e8=Q+ Qc8 54. Qed8 Qxd8 55. Qxd8+ Kb7 56. Qxd5+ Kc7 57. Ke2 Kb6 58. Kd3 Kc7 59.
Kc3 Kb8 60. Kc4 Kc7 61. Kb5 Kc8 62. Kc6 Kb8 63. Qd8+ Ka7 64. Qc7+ Ka6 65. Qb7+
Ka5 66. Qb5# 1-0

[Event "Titled Tue 27th May Late"]
[Site "chess.com INT"]
[Date "2025.05.27"]
[Round "1"]
[White "Kracht, Raphael"]
[Black "Elier, Ali"]
[Result "0-1"]
[WhiteTitle "CM"]
[BlackTitle "CM"]
[WhiteElo "2194"]
[BlackElo "2142"]
[WhiteFideId "16214382"]
[BlackFideId "16217543"]
[EventDate "2025.05.27"]

1. d4 d5 2. Bf4 Nf6 3. Nf3 e6 4. e3 Bd6 5. Ne5 O-O 6. Nd2 c5 7. c3 Nc6 8. Qf3
cxd4 9. exd4 Bxe5 10. dxe5 Nd7 11. Qg3 f6 12. exf6 Qxf6 13. Bd6 Re8 14. Be2 e5
15. Ba3 Nb6 16. O-O Bf5 17. Rfe1 Kh8 18. Bb5 Rad8 19. Nf3 e4 20. Nd4 Bd7 21.
Bxc6 bxc6 22. Rad1 Nc4 23. Bc5 Nxb2 24. Rb1 Nd3 25. Bxa7 Nxe1 26. Rxe1 Qe5 27.
Qh4 Ra8 28. Bc5 Rxa2 29. h3 e3 30. fxe3 Qe4 31. Nf3 Qc2 32. Qg3 Qg6 33. Qxg6
hxg6 34. Bd4 Kh7 35. Ng5+ Kg8 36. Rf1 Rf8 37. Rxf8+ Kxf8 38. Kh2 Kg8 39. Kg3 Bf5
40. h4 Bd3 41. Nf3 Bf1 42. Ne5 Rxg2+ 43. Kf4 Rh2 44. Nxg6 Kh7 45. Ne7 Bb5 46.
Nf5 g6 47. Nd6 Rxh4+ 48. Ke5 Rh1 49. Nxb5 cxb5 50. Kxd5 g5 51. e4 g4 52. e5 g3
53. e6 Re1 54. Be5 Kg8 55. Bxg3 Rd1+ 56. Kc5 Rd3 57. Kxb5 Rxg3 58. Kc6 Kf8 59.
Kd7 Rd3+ 60. Kc6 Rxc3+ 0-1

[Event "Titled Tue 27th May Late"]
[Site "chess.com INT"]
[Date "2025.05.27"]
[Round "1"]
[White "Graif, William"]
[Black "Materia, Marco"]
[Result "1-0"]
[WhiteTitle "FM"]
[BlackTitle "IM"]
[WhiteElo "2211"]
[BlackElo "2489"]
[WhiteFideId "2609835"]
[BlackFideId "45150451"]
[EventDate "2025.05.27"]

1. e4 e5 2. Nf3 Nc6 3. d4 exd4 4. c3 d5 5. Bd3 Nf6 6. e5 Ne4 7. O-O dxc3 8. Nxc3
Nxc3 9. bxc3 Be7 10. h3 O-O 11. Bc2 Re8 12. Rb1 Rb8 13. Re1 b5 14. Rxb5 Rxb5 15.
Qd3 Bf5 16. Qxf5 g6 17. Qd3 Ra5 18. e6 Bf6 19. exf7+ Kxf7 20. Rxe8 Qxe8 21. Bb3
Ne7 22. c4 c6 23. Bd2 dxc4 24. Bxc4+ Rd5 25. Ng5+ Kg7 26. Bxd5 Nxd5 27. Ne4 Be5
28. Qc4 Qe6 29. g3 h6 30. Nc3 Qd7 31. h4 Nb6 32. Qe2 Bf6 33. Ne4 Bd4 34. Be3 Qd5
35. Qd2 Bxe3 36. Qxe3 h5 37. Qc3+ Kf7 38. Ng5+ Ke7 39. Qg7+ Kd6 40. Qxg6+ Kc5
41. Qxh5 Kb4 42. Qg4+ Ka3 43. h5 c5 44. h6 c4 45. h7 Qe5 46. Nf7 Qe1+ 47. Kg2 c3
48. h8=Q c2 49. Qf3+ Kxa2 50. Qhc3 c1=Q 51. Qb3+ Ka1 52. Qa3+ Qxa3 53. Qxa3+ Kb1
54. Qd3+ Kb2 55. g4 Qe6 56. Qd4+ Kb3 57. Ne5 Qf6 58. Qe3+ Kb4 59. g5 Qe6 60.
Nd3+ Kc3 61. Qxe6 Kxd3 62. g6 1-0

[Event "Titled Tue 27th May Late"]
[Site "chess.com INT"]
[Date "2025.05.27"]
[Round "1"]
[White "Rustamov, Rustam"]
[Black "Wuebker, Paul-Luca"]
[Result "1-0"]
[WhiteTitle "FM"]
[BlackTitle "CM"]
[WhiteElo "2323"]
[BlackElo "2244"]
[WhiteFideId "13440110"]
[BlackFideId "12939528"]
[EventDate "2025.05.27"]

1. e4 Nc6 2. Nf3 d6 3. h3 Nf6 4. Nc3 g6 5. d4 Bg7 6. d5 Nb8 7. Bd3 O-O 8. O-O
Nbd7 9. Re1 Nc5 10. Be3 b6 11. Nd4 Nxd3 12. cxd3 a5 13. Rc1 e6 14. Ncb5 Ne8 15.
Qc2 exd5 16. exd5 Bb7 17. Nc6 Qh4 18. Qc4 Qxc4 19. Rxc4 Bxb2 20. Rb1 Bg7 21.
Nxc7 Nxc7 22. Ne7+ Kh8 23. Rxc7 Ba6 24. Rxb6 Bxd3 25. Bf4 Rfe8 26. Bxd6 Rad8 27.
Bc5 Bc4 28. d6 Bxa2 29. Ra6 Be5 30. g3 Be6 31. Kg2 a4 32. h4 h5 33. Rca7 Kg7 34.
Nc6 Bd5+ 35. Kh2 Rxd6 36. Nxe5 Rf6 37. Bd4 Kh7 38. f4 Rxa6 39. Rxa6 Bb3 40. Ra7
Kh6 41. Nxf7+ Bxf7 42. Rxf7 a3 43. Ra7 a2 44. Rxa2 Re4 45. Be5 Rc4 46. Ra7 Rc2+
47. Kh3 g5 48. hxg5+ Kg6 49. Ra6+ Kf5 50. Rf6+ Ke4 51. g6 Kf3 52. Ra6 Rc8 53.
Ra3+ Ke4 54. g7 Kf5 55. Kh4 Kg6 56. Ra6+ Kh7 57. Rf6 Kg8 58. Rf8+ Rxf8 59.
gxf8=Q+ Kxf8 60. Kxh5 Kg8 61. Kg6 Kf8 62. Kh7 Kf7 63. g4 Ke6 64. g5 Kf5 65. g6
Kg4 66. g7 Kf5 67. g8=Q 1-0

[Event "Titled Tue 27th May Late"]
[Site "chess.com INT"]
[Date "2025.05.27"]
[Round "1"]
[White "Paval, George"]
[Black "Rostomyan, Mikayel"]
[Result "0-1"]
[BlackTitle "FM"]
[WhiteElo "2139"]
[BlackElo "2325"]
[WhiteFideId "1214233"]
[BlackFideId "13313754"]
[EventDate "2025.05.27"]

1. Nf3 Nf6 2. b3 g6 3. Bb2 Bg7 4. c4 c6 5. g3 O-O 6. Bg2 d5 7. d3 Bf5 8. O-O Qc8
9. Re1 Bh3 10. Bh1 Re8 11. Nbd2 Nbd7 12. Qc2 e5 13. cxd5 cxd5 14. Qxc8 Raxc8 15.
Rac1 e4 16. dxe4 dxe4 17. Ng5 Bf5 18. Nc4 h6 19. Nh3 Rc6 20. Nf4 g5 21. Ng2 Rec8
22. Nge3 Be6 23. Nd2 Nc5 24. Rc2 Nd5 25. Nxd5 Bxd5 26. Bxg7 Kxg7 27. Rec1 f5 28.
f3 e3 29. Nb1 Na6 30. Rxc6 Rxc6 31. Rxc6 Bxc6 32. Bg2 Kf6 33. Kf1 Nb4 34. Nc3
Nc2 35. Bh3 h5 36. Bg2 g4 37. f4 Ke6 38. Bxc6 bxc6 39. Nd1 Kd5 40. Nb2 Kc5 41.
Nc4 Kd5 42. Kg2 a6 43. Kf1 Nb4 44. Nxe3+ Ke4 45. Nc4 Nxa2 46. Nd6+ Kd5 47. Nxf5
Nc1 48. b4 Na2 49. Ng7 Nxb4 50. Nxh5 a5 51. Nf6+ Kd4 52. Nxg4 a4 53. Nf2 a3 54.
h4 a2 55. Kg2 a1=Q 56. Kf3 Nc2 57. h5 Qa8 58. Kg4 c5 0-1

[Event "Titled Tue 27th May Late"]
[Site "chess.com INT"]
[Date "2025.05.27"]
[Round "1"]
[White "Fadi, Marko"]
[Black "Moroni, Luca Jr"]
[Result "0-1"]
[WhiteTitle "FM"]
[BlackTitle "GM"]
[WhiteElo "2244"]
[BlackElo "2546"]
[WhiteFideId "10605371"]
[BlackFideId "865834"]
[EventDate "2025.05.27"]

1. c4 g6 2. Nc3 Bg7 3. g3 Nc6 4. Bg2 d6 5. Nf3 Bd7 6. d4 Qc8 7. d5 Ne5 8. Nxe5
Bxe5 9. h4 Nf6 10. Be3 c5 11. Bd2 Ng4 12. h5 Qc7 13. Qc2 O-O-O 14. Bf3 Kb8 15.
Rh4 Nf6 16. h6 e6 17. Bg2 exd5 18. Nxd5 Nxd5 19. Bxd5 Rhe8 20. O-O-O Bc6 21. Bg5
f6 22. Bd2 Bxd5 23. cxd5 f5 24. Rc4 b5 25. Rh4 Ka8 26. Bg5 Rc8 27. Kb1 Qb7 28.
e4 Rf8 29. exf5 Rxf5 30. Bf4 Bxf4 31. Rxf4 Rxd5 32. Re1 c4 33. Rfe4 Rdc5 34. Re7
R5c7 35. Rxc7 Rxc7 36. Re8+ Rc8 37. Re6 Qd5 38. Qe2 b4 39. Re7 c3 40. bxc3 bxc3
41. Qe4 Qxe4+ 42. Rxe4 d5 43. Rd4 Rc5 44. Kc2 Kb7 45. Rd3 Ra5 46. Kb3 Kc6 47.
Rxc3+ Kd6 48. Rc8 Rb5+ 49. Kc3 Rb7 50. Rg8 Rf7 51. Rg7 Rxf2 52. Rxh7 Rf3+ 53.
Kd4 Rxg3 54. Rxa7 Rg4+ 55. Kd3 Rh4 56. Ra6+ Ke5 57. Rxg6 Rh3+ 58. Kc2 Kd4 59.
Rg4+ Kc5 60. Rg5 Kc4 61. Rg4+ d4 62. Rf4 Rh2+ 63. Kb1 Kc3 0-1

[Event "Titled Tue 27th May Late"]
[Site "chess.com INT"]
[Date "2025.05.27"]
[Round "1"]
[White "Brancaleoni, Maurizio"]
[Black "Mgeladze, Tamaz"]
[Result "0-1"]
[WhiteTitle "FM"]
[BlackTitle "IM"]
[WhiteElo "2185"]
[BlackElo "2388"]
[WhiteFideId "803022"]
[BlackFideId "13601202"]
[EventDate "2025.05.27"]

1. Nf3 Nf6 2. c4 c5 3. Nc3 Nc6 4. g3 g6 5. Bg2 Bg7 6. d4 cxd4 7. Nxd4 Nxd4 8.
Qxd4 O-O 9. O-O d6 10. Qd3 Be6 11. Bxb7 Rb8 12. Bg2 Rc8 13. Nd5 Nxd5 14. cxd5
Bf5 15. e4 Bd7 16. Be3 Qa5 17. b4 Qxb4 18. Rab1 Qa5 19. Rb7 Rc7 20. Rxc7 Qxc7
21. Qa6 Rb8 22. Rc1 Qb7 23. Qxa7 Qxa7 24. Bxa7 Rb2 25. h3 Rxa2 26. Rc7 Bb5 27.
Rxe7 h5 28. Be3 Be5 29. Ra7 Re2 30. Kh2 h4 31. Bf1 hxg3+ 32. Kg2 Rb2 33. Bxb5
Rxb5 34. fxg3 Rb2+ 35. Kf3 Rb3 36. Ke2 Bxg3 37. Ra2 Be5 38. Rd2 Kg7 39. Rd3 Rb2+
40. Rd2 Rb4 41. Kf3 Rb3 42. Kf2 Kf6 43. h4 Ke7 44. Bg5+ Kd7 45. Ra2 Rb7 46. Be3
Rb4 47. Kf3 Ke7 48. Ra7+ Kf6 49. Bg5+ Kg7 50. Ra3 Rb1 51. Kg2 Re1 52. Kf3 Rh1
53. Kg2 Rb1 54. Kf3 Rb7 55. Rd3 f5 56. Be3 Rf7 57. exf5 Rxf5+ 58. Ke4 Rf7 59.
Bd4 Rf4+ 60. Ke3 Rxh4 61. Bxe5+ dxe5 62. d6 Rh8 63. d7 Rd8 64. Ke4 Kf6 65. Kd5
Rxd7+ 66. Ke4 Rxd3 67. Kxd3 Kf5 68. Ke3 e4 0-1

[Event "Titled Tue 27th May Late"]
[Site "chess.com INT"]
[Date "2025.05.27"]
[Round "1"]
[White "Yevchenko, Oleksandr"]
[Black "Leiva, Gianmarco"]
[Result "0-1"]
[WhiteTitle "CM"]
[BlackTitle "IM"]
[WhiteElo "2276"]
[BlackElo "2387"]
[WhiteFideId "14108267"]
[BlackFideId "3804399"]
[EventDate "2025.05.27"]

1. c4 e5 2. Nc3 Bb4 3. Nd5 Be7 4. d4 Nc6 5. Nxe7 Qxe7 6. d5 Nd4 7. e3 Nf5 8. Bd2
Nf6 9. Bc3 Ne4 10. Qc2 Nxc3 11. Qxc3 O-O 12. Bd3 e4 13. Bc2 c5 14. dxc6 dxc6 15.
Ne2 Re8 16. O-O Qg5 17. Ng3 Nxg3 18. hxg3 Bg4 19. Bd1 Bf5 20. Be2 h5 21. Rad1
Re6 22. c5 Rae8 23. Rd6 Re5 24. Rfd1 h4 25. gxh4 Qxh4 26. Rd8 Kh7 27. Rxe8 Rxe8
28. Rd6 f6 29. g3 Qh6 30. Qd4 Kg6 31. Rd8 Qh8 32. Rxe8 Qxe8 33. Bf1 Qd7 34. Qxd7
Bxd7 35. Bg2 f5 36. f3 exf3 37. Bxf3 Be6 38. a3 Kf6 39. Kf2 Ke5 40. b4 g5 41.
Bd1 Bc4 42. Bf3 Bd3 43. Ke1 f4 44. gxf4+ gxf4 45. exf4+ Kxf4 46. Bh5 Ke3 47. Bf7
Ba6 48. Kd1 Kd3 49. Kc1 Kc3 50. Kb1 Bd3+ 51. Ka1 Bc4 52. Bxc4 Kxc4 53. Kb2 Kd3
54. Kb3 Kd4 55. a4 Kd3 56. b5 Kd4 57. Kb4 Kd5 58. bxc6 bxc6 59. Ka5 Kxc5 60. Ka6
Kb4 61. a5 c5 62. Kxa7 Kxa5 0-1

[Event "Titled Tue 27th May Late"]
[Site "chess.com INT"]
[Date "2025.05.27"]
[Round "1"]
[White "George, Kevin"]
[Black "Chen, Yidong"]
[Result "0-1"]
[WhiteTitle "IM"]
[WhiteElo "2301"]
[BlackElo "2038"]
[WhiteFideId "10669515"]
[BlackFideId "8607028"]
[EventDate "2025.05.27"]

1. c4 c5 2. Nf3 Nc6 3. Nc3 Nf6 4. d4 cxd4 5. Nxd4 e6 6. g3 Bb4 7. Bg2 O-O 8. O-O
a6 9. Nxc6 dxc6 10. Qb3 Bc5 11. Bg5 h6 12. Rad1 Qe7 13. Bxf6 Qxf6 14. Ne4 Qe7
15. Nxc5 Qxc5 16. Qc3 e5 17. b4 Qe7 18. c5 Bf5 19. e4 Bg4 20. f3 Bh5 21. Rd6
Rfd8 22. Rfd1 f6 23. g4 Bf7 24. a4 Rxd6 25. cxd6 Qe6 26. a5 Qb3 27. Qd2 Rd8 28.
Kf2 Qa2 29. Kg3 Qxd2 30. Rxd2 Bc4 31. f4 exf4+ 32. Kxf4 Kf7 33. e5 g5+ 34. Kf5
Be6+ 35. Ke4 Bd5+ 36. Kd4 Bxg2 37. Rxg2 Ke6 38. exf6 Rxd6+ 39. Kc5 Rd5+ 40. Kc4
Kxf6 41. Rf2+ Ke6 42. Rf8 Rd7 43. Rh8 Ke5 44. Rxh6 Rd4+ 45. Kc5 Rd5+ 46. Kc4
Rd4+ 47. Kb3 Rxg4 48. Rh7 Rh4 49. Rg7 Kf4 50. Rxb7 Rxh2 51. Rf7+ Kg3 52. Rg7 g4
53. Kc4 Rh5 54. Ra7 Kh3 55. Rxa6 g3 56. Rxc6 g2 57. Rg6 Rh4+ 58. Kc5 Rg4 59.
Rxg4 Kxg4 60. a6 g1=Q+ 61. Kc6 Qc1+ 62. Kb6 Qe3+ 63. Kc6 Qe4+ 64. Kc5 Qe5+ 65.
Kc6 Qe6+ 66. Kb5 Qd7+ 67. Kb6 Qd6+ 68. Ka5 Qc7+ 69. Kb5 Kf5 70. Ka4 Qb6 71. b5
Ke5 72. Kb4 Kd4 73. Ka4 Kc4 74. Ka3 Qxb5 0-1

[Event "Titled Tue 27th May Late"]
[Site "chess.com INT"]
[Date "2025.05.27"]
[Round "1"]
[White "Ferrara, Enzo"]
[Black "Kleimenov, Nikolay"]
[Result "0-1"]
[BlackTitle "CM"]
[WhiteElo "2138"]
[BlackElo "2198"]
[WhiteFideId "137731"]
[BlackFideId "34414223"]
[EventDate "2025.05.27"]

1. d4 Nf6 2. c3 g6 3. Bf4 Bg7 4. Nf3 d6 5. h3 O-O 6. e3 Nbd7 7. Nbd2 Re8 8. Bh2
e5 9. Be2 Qe7 10. dxe5 dxe5 11. O-O e4 12. Nd4 Ne5 13. Qc2 c5 14. N4b3 Bf5 15.
Rfd1 Rad8 16. Bxe5 Qxe5 17. Nc4 Qc7 18. a4 b6 19. Rxd8 Rxd8 20. Rd1 Rd7 21. Rxd7
Qxd7 22. Nbd2 h5 23. Ne5 Qd5 24. Nec4 h4 25. Nf1 Qe6 26. Ncd2 Nd5 27. Bc4 Qe5
28. Qb3 Be6 29. Qb5 Ne7 30. Qe8+ Bf8 31. Nh2 Bxc4 32. Nxc4 Qe6 33. Nd2 f5 34.
Qb8 Qd5 35. Nhf1 Nc6 36. Qe8 Qd6 37. Nc4 Qd5 38. Qxg6+ Bg7 39. Nd6 Ne7 40. Qe8+
Bf8 41. Nc8 Nxc8 42. Qxc8 Kf7 43. Qc7+ Be7 44. Qxa7 Qc6 45. a5 bxa5 46. Qxa5 Kg6
47. Qa2 c4 48. Qa5 Bf6 49. Qb4 Qd5 50. Qb8 Kg7 51. Qc7+ Kg6 52. Qf4 Kg7 53. g3
Kg6 54. g4 fxg4 55. hxg4 Qd3 56. Kg2 Bg5 57. Qf5+ Kh6 58. Qe6+ Kg7 59. Nh2 Qc2
60. Qe5+ Bf6 61. Qxe4 Qxe4+ 62. Nf3 Qc2 63. g5 Be7 64. Kh3 Qf5+ 65. Kg2 Qg4+ 66.
Kf1 Qxf3 67. Ke1 h3 68. Kd2 h2 69. e4 h1=Q 70. Kc2 Qhd1# 0-1

[Event "Titled Tue 27th May Late"]
[Site "chess.com INT"]
[Date "2025.05.27"]
[Round "1"]
[White "Herrera Ortiz, Miguel"]
[Black "Petersson, Kjell"]
[Result "1-0"]
[WhiteTitle "IM"]
[BlackTitle "CM"]
[WhiteElo "2174"]
[BlackElo "2068"]
[WhiteFideId "5100550"]
[BlackFideId "1705148"]
[EventDate "2025.05.27"]

1. c4 f5 2. Nc3 Nf6 3. g3 e6 4. Bg2 d5 5. d3 d4 6. Nb1 Nc6 7. Nf3 e5 8. O-O Bd6
9. a3 a5 10. Ne1 O-O 11. Nd2 Qe8 12. Nc2 e4 13. Rb1 Bd7 14. b4 axb4 15. axb4
exd3 16. exd3 f4 17. Ne4 fxg3 18. fxg3 Nxe4 19. Bxe4 Bh3 20. Rxf8+ Qxf8 21.
Bxh7+ Kh8 22. Be4 Qf7 23. Bd2 Rf8 24. Qe2 Be5 25. b5 Ne7 26. Bb4 Re8 27. Bg2 Qf5
28. Bxh3 Qxh3 29. Rf1 Bf6 30. Qg2 Qh6 31. Qxb7 Qg6 32. Qe4 Qh6 33. Qf4 Qg6 34.
Qf3 Kg8 35. Bxe7 Rxe7 36. Nb4 Rf7 37. Nd5 Kh7 38. Kg2 Qh6 39. Qe4+ Qg6 40. Qxg6+
Kxg6 41. Re1 Rd7 42. Re6 Kf7 43. Rc6 Be5 44. c5 g5 45. Nb4 g4 46. Nc2 Kg7 47.
Na3 Re7 48. Nc4 Bf6 49. Kf1 Rd7 50. b6 cxb6 51. cxb6 Kg6 52. Rc7 Rd8 53. b7 Rb8
54. Na5 Bd8 55. Rc6+ Kf7 56. Nc4 Ke7 57. Rg6 Kd7 58. Rg7+ Kc6 59. Kg2 Rxb7 60.
Na5+ Bxa5 61. Rxg4 Rb2+ 62. Kf3 Bc7 63. Rxd4 Kc5 64. Rc4+ Kd6 65. h4 Rh2 66. Kg4
Bd8 67. Rd4+ Ke7 68. Re4+ Kf7 69. Rf4+ Kg7 70. Rd4 Bc7 71. Rd7+ Kf6 72. Rxc7 Rd2
73. Rc6+ Kg7 74. Rc3 1-0

[Event "Titled Tue 27th May Late"]
[Site "chess.com INT"]
[Date "2025.05.27"]
[Round "1"]
[White "Svane, Rasmus"]
[Black "Zhukovskyi, Oleksandr"]
[Result "0-1"]
[WhiteTitle "GM"]
[BlackTitle "CM"]
[WhiteElo "2629"]
[BlackElo "2153"]
[WhiteFideId "4657101"]
[BlackFideId "14169371"]
[EventDate "2025.05.27"]

1. Nf3 Nf6 2. g3 g6 3. Bg2 Bg7 4. O-O O-O 5. d4 d5 6. c4 c6 7. Qb3 Qb6 8. Nc3
dxc4 9. Qxc4 Qa6 10. Qb3 Be6 11. Qc2 Nd5 12. Rd1 Nxc3 13. bxc3 Nd7 14. e4 Nb6
15. a4 Bc4 16. a5 Nd7 17. Qb2 e5 18. Be3 exd4 19. cxd4 Nc5 20. Ne5 Nd3 21. Nxd3
Bxd3 22. h4 Rad8 23. h5 Rfe8 24. h6 Bf6 25. e5 Be7 26. Qb3 Bc4 27. Qc3 Bf8 28.
Rab1 Rd7 29. Rdc1 Bd3 30. Rb3 Bb5 31. Be4 Red8 32. Rcb1 Be7 33. d5 cxd5 34. Rxb5
dxe4 35. e6 Rd1+ 36. Kh2 f6 37. Rxd1 Qxb5 38. Rxd8+ Bxd8 39. g4 Qe5+ 40. Qxe5
fxe5 41. Bxa7 Bxa5 42. Kg3 Bb4 43. Bb8 Kf8 44. Bxe5 Ke7 45. Kf4 Bd6 46. Kxe4
Kxe6 47. Bd4 Be7 48. f4 b5 49. f5+ gxf5+ 50. gxf5+ Kf7 51. Kd5 Bf6 52. Be3 Be7
53. Bf4 Kf6 54. Ke4 b4 55. Be5+ Kg5 56. Bd4 Bf6 57. Be3+ Kg4 58. Bc5 b3 59. Ba3
b2 60. Bxb2 Bxb2 61. f6 Bxf6 62. Ke3 Kg3 63. Ke2 Kg2 64. Ke3 Bg5+ 65. Ke4 Bxh6
66. Kf5 Kg3 67. Ke4 Bc1 68. Kd3 h5 69. Ke2 Kg2 70. Kd1 h4 71. Ke2 h3 72. Kd1 h2
73. Ke2 h1=Q 74. Kd3 Qf1+ 75. Ke4 Bf4 76. Kf5 Qf3 77. Kg6 Bg3 78. Kh6 Qg4 79.
Kh7 Kf3 80. Kh8 Kf4 81. Kh7 Kf5 82. Kh8 Kf6 83. Kh7 Qg7# 0-1